MARC details
| 000 -LEADER |
| fixed length control field |
01677cam a2200409 i 4500 |
| 001 - CONTROL NUMBER |
| control field |
AHR9815BB |
| 003 - CONTROL NUMBER IDENTIFIER |
| control field |
EG-ScBUE |
| 005 - DATE AND TIME OF LATEST TRANSACTION |
| control field |
20240331130848.0 |
| 008 - FIXED-LENGTH DATA ELEMENTS--GENERAL INFORMATION |
| fixed length control field |
970220t1993 it a f bc 000 0 eng d |
| 020 ## - INTERNATIONAL STANDARD BOOK NUMBER |
| International Standard Book Number |
8870628051 |
| 020 ## - INTERNATIONAL STANDARD BOOK NUMBER |
| International Standard Book Number |
9788870628050 |
| 035 ## - SYSTEM CONTROL NUMBER |
| System control number |
(InU)AHR9815BB |
| 035 ## - SYSTEM CONTROL NUMBER |
| System control number |
(OCoLC)ocm29767872 |
| 040 ## - CATALOGING SOURCE |
| Original cataloging agency |
DDO |
| Language of cataloging |
eng |
| Description conventions |
rda |
| Transcribing agency |
DDO |
| Modifying agency |
UMC |
| -- |
C3L |
| -- |
EG-ScBUE |
| 043 ## - GEOGRAPHIC AREA CODE |
| Geographic area code |
f-ua--- |
| -- |
e-hu--- |
| 082 04 - DEWEY DECIMAL CLASSIFICATION NUMBER |
| Classification number |
932.023074439 |
| Item number |
TOR |
| Edition number |
22 |
| 100 1# - MAIN ENTRY--PERSONAL NAME |
| Personal name |
Török, László, |
| Dates associated with a name |
1941- |
| Relator term |
author. |
| 245 10 - TITLE STATEMENT |
| Title |
Coptic antiquities / |
| Statement of responsibility, etc |
by László Török. |
| 264 #1 - PUBLICATION, DISTRIBUTION, ETC. (IMPRINT) |
| Place of publication, distribution, etc |
[Roma] : |
| Name of publisher, distributor, etc |
"L'Erma" di Bretschneider, |
| Date of publication, distribution, etc |
[1993] |
| 264 #4 - PUBLICATION, DISTRIBUTION, ETC. (IMPRINT) |
| Date of publication, distribution, etc |
c1993 |
| 300 ## - PHYSICAL DESCRIPTION |
| Extent |
1 volume (various pagings) : |
| Other physical details |
illustrations (some color) ; |
| Dimensions |
29 cm. |
| 336 ## - CONTENT TYPE |
| Source |
rdacontent |
| Content type term |
text |
| Content type code |
txt |
| 337 ## - MEDIA TYPE |
| Media type term |
unmediated |
| Source |
rdamedia |
| Media type code |
n |
| 338 ## - CARRIER TYPE |
| Carrier type term |
volume |
| Carrier type code |
nc |
| Source |
rdacarrier |
| 490 0# - SERIES STATEMENT |
| Series statement |
Bibliotheca archaeologica ; |
| Volume number/sequential designation |
11 |
| 490 0# - SERIES STATEMENT |
| Series statement |
Monumenta antiquitatis extra fines Hungariae reperta ; |
| Volume number/sequential designation |
2 |
| 504 ## - BIBLIOGRAPHY, ETC. NOTE |
| Bibliography, etc |
Includes bibliographical references. |
| 505 2# - FORMATTED CONTENTS NOTE |
| Formatted contents note |
I. Stone sculpture, bronze objects, ceramic coffin lids and vessels, terracotta statuettes, bone, wood and glass artefacts. |
| 520 ## - SUMMARY, ETC. |
| Summary, etc |
"In this second volume of the Coptic Antiquities 217 textiles are published from the collections of two Budapest museums: the Museum of Fine Arts and the Museum of Applied Arts"--Introduction to v. 2. |
| 610 27 - SUBJECT ADDED ENTRY--CORPORATE NAME |
| Corporate name or jurisdiction name as entry element |
Szépmʺuvészeti Múzeum (Hungary) |
| General subdivision |
Catalogs. |
| Source of heading or term |
BUEsh |
| 610 27 - SUBJECT ADDED ENTRY--CORPORATE NAME |
| Corporate name or jurisdiction name as entry element |
Iparmʺuvészeti Múzeum (Hungary) |
| General subdivision |
Catalogs. |
| Source of heading or term |
BUEsh |
| 650 #7 - SUBJECT ADDED ENTRY--TOPICAL TERM |
| Topical term or geographic name as entry element |
Coptic art |
| General subdivision |
Catalogs. |
| Source of heading or term |
BUEsh |
| 651 #7 - SUBJECT ADDED ENTRY--GEOGRAPHIC NAME |
| Geographic name |
Egypt |
| General subdivision |
Antiquities |
| -- |
Catalogs. |
| Source of heading or term |
BUEsh |
| 653 ## - INDEX TERM--UNCONTROLLED |
| Resource For college |
Engineering, General |
| Arrived date list |
May2019 |
| 655 ## - INDEX TERM--GENRE/FORM |
| Form subdivision |
Reading book |
| 942 ## - ADDED ENTRY ELEMENTS (KOHA) |
| Source of classification or shelving scheme |
Dewey Decimal Classification |
| Koha item type |
Book - Borrowing |